Vainqueurs de l'Eredivisie - Statistiques

Statistiques générales
  • Ce quiz a été pris 335 fois
    165 depuis la dernière actualisation
  • Le résultat moyen est 84 sur 135
Statistiques - réponses
Saison Vainqueur % Correct
1917/18 | 1918/19 | 1930/31 | +33 others Ajax Amsterdam
99%
1934/35 | 1950/51 | 1962/63 | +21 others PSV Eindhoven
99%
1928/29 PSV Eindohoven
99%
1923/24 | 1927/28 | 1935/36 | +13 others Feyenoord Rotterdam
94%
1977/78 PSV Eindhoven
94%
2009/10 FC Twente
59%
1980/81 | 2008/09 AZ Alkmaar
58%
1957/58 DOS Utrecht
39%
1908/09 | 1910/11 | 1911/12 | +3 others Sparta Rotterdam
37%
1916/17 | 1921/22 | 1929/30 | 1932/33 Go Ahead Eagles
18%
1926/27 | 1940/41 Heracles Almelo
17%
1915/16 | 1951/52 | 1954/55 Willem II Tilburg
17%
1941/42 | 1942/43 ADO La Haye
14%
1920/21 NAC Breda
13%
1888/89 VV Concordia
11%
1953/54 EVV Eindhoven
9%
1945/46 Haarlem
7%
1891/92 | 1893/94 | 1896/97 | +2 others RAP Amsterdam
7%
1947/48 BVV Den Bosch
6%
1955/56 Rapid JC
5%
1925/26 SC Enschede
5%
1919/20 Be Quick Groningue
4%
1963/64 DWS Amsterdam
4%
1890/91 | 1895/96 | 1899/00 | +7 others HVV La Haye
4%
1907/08 Quick Den Haag
4%
1922/23 | 1952/53 RCH
4%
1943/44 De Volewijckers
3%
1903/04 HBS
3%
1905/06 HBS La Haye
3%
1924/25 HBS Le Haye
3%
1889/90 | 1892/93 | 1894/95 HFC
3%
1949/50 Limburgia Brunssum
3%
1948/49 SVV Schiedam
2%
Aucun quiz correspondant
Distribution des résultats
% des personnes avec chaque résultat
Percentile par nombre de réponses
Votre historique - résultats
Vous n’avez pas pris ce quiz depuis la dernière actualisation